BSNL Junior Engineer Erstwhile TTA: (Record no. 183794)
[ view plain ]
| 000 -LEADER | |
|---|---|
| fixed length control field | 00640nam a22001817a 4500 |
| 005 - DATE AND TIME OF LATEST TRANSACTION | |
| control field | 20220121141711.0 |
| 010 ## - LCCN (DPL NO) | |
| LC control number | ENG-130925-26 |
| 020 ## - INTERNATIONAL STANDARD BOOK NUMBER | |
| International Standard Book Number | 978-93-5187-431-7 |
| Terms of availability | 630.00 |
| 035 ## - SYSTEM CONTROL NUMBER | |
| System control number | EN-114457-58 |
| 037 ## - SOURCE OF ACQUISITION | |
| Source of stock number/acquisition | DBAD |
| 082 ## - DEWEY DECIMAL CLASSIFICATION NUMBER | |
| Classification number | 000 |
| 245 ## - TITLE STATEMENT | |
| Title | BSNL Junior Engineer Erstwhile TTA: |
| Remainder of title | Recruitment Examination/ |
| Statement of responsibility, etc | Complied & Edited By V.N. Jha |
| 260 ## - PUBLICATION, DISTRIBUTION, ETC. (IMPRINT) | |
| Place of publication, distribution, etc | New Delhi |
| Name of publisher, distributor, etc | Unique Publishers Pvt. Ltd` |
| Date of publication, distribution, etc | 2021 |
| 270 ## - ADDRESS | |
| City | New Delhi |
| Postal code | 110044 |
| Address | J-2/1, Block B-1, Mohan Cooperative Industrial Estate, Mathura Road |
| Electronic mail address | info@uniquepublishers.in |
| 300 ## - PHYSICAL DESCRIPTION | |
| Extent | 616p |
| Dimensions | 28cm(pbk) |
| 700 ## - ADDED ENTRY--PERSONAL NAME | |
| Personal name | Jha, V.N. |
| 942 ## - ADDED ENTRY ELEMENTS (KOHA) | |
| Source of classification or shelving scheme | Dewey Decimal Classification |
| Item type | English Books |
| Classification part | 000 |
| Call number suffix | BSN |
| Withdrawn status | Lost status | Materials specified (bound volume or other part) | Not for loan | Collection code | Home library | Current library | Date acquired | Source of acquisition | Cost, normal purchase price | Full call number | Barcode | Copy number | Cost, replacement price | Koha item type |
|---|---|---|---|---|---|---|---|---|---|---|---|---|---|---|
| Study-Package | Non-fiction | Patel Nagar | Patel Nagar | 04/01/2022 | DBAD/PUB | 630.00 | 000 JUN | EN-114457 | 1 | 630.00 | English Books | |||
| Practice Book | Non-fiction | Patel Nagar | Patel Nagar | 04/01/2022 | DBAD/PUB | 270.00 | 000 JUN | EN-114458 | 1 | 270.00 | English Books |
